| 000 | 00331 a2200085 4500 | ||
|---|---|---|---|
| 999 |
_c20328 _d20328 |
||
| 003 | WA 310 | ||
| 005 | 20220324130546.0 | ||
| 008 | 220324s1997 pl ||||| |||| 00| 0 pol d | ||
| 020 | _a8323601712 | ||
| 040 |
_aWA 310 _cWA 310 |
||
| 041 | _apol | ||
| 245 | 0 | 0 |
_aInformacje dotyczące zastosowania kondensatorów, rezystorów, dławików i kompletnych filtrów przeciwzakłóceniowych = _bGuidance information on the application of capacitors, resistors, inductors and complete filter units for radio interference suppression PN-IEC 940:1997P / _cNKP nr 58. |
| 246 | 1 | 3 | _aPN-IEC 940 |
| 246 | 1 | 3 | _aICS 33.100.10 |
| 246 | 1 | 3 | _aPolska Norma |
| 260 |
_aWarszawa : _bPKN, _c1997. |
||
| 300 |
_a11 stron ; _c30 cm. |
||
| 336 |
_2rdacontent _aTekst _btxt |
||
| 337 |
_2rdamedia _aBez urządzenia pośredniczącego _bn |
||
| 338 |
_2rdacarrier _aWolumin _bnc |
||
| 500 | _aNorma jest tłumaczeniem oficjalnej angielskiej wersji normy IEC 940:1988 […]. | ||
| 500 | _aWprowadza IEC 60940:1988, IDT ; Ustanowiona przez Polski Komitet Normalizacyjny dnia 24 lutego 1997 r. | ||
| 590 | _6Status: wycofana ; Zastąpiona przez PN-EN 60940:2015-06 wersja angielska. | ||
| 710 |
_91107 _aPolska. _bPolski Komitet Normalizacyjny. _eInstytucja sprawcza |
||
| 920 | _a83-236-0171-2 | ||
| 942 |
_2ddc _cBK |
||